Una tipología de los electores /

Guardado en:
Bibliografiske detaljer
Hovedforfatter: Fournier Facio, Marco Vinicio
Format: Texto
Fag:
Tags: Tilføj Tag
Ingen Tags, Vær først til at tagge denne postø!

MARC

LEADER 00000 a a2200000 04500
001 15317
003
040
100 |a Fournier Facio, Marco Vinicio  
245 |a Una tipología de los electores /  |c Marco Vinicio Fournier Facio 
650 |a COMPORTAMIENTO POLITICO  
650 |a ELECCIONES  
650 |a VOTACION  
650 |a AFILIACION POLITICA  
650 |a VOTACION  
773 |g número 98 (IV); páginas 9-18  
999 |c 26703  |d 26703 
773 0 |0 18728  |9 3039  |a Universidad de Costa Rica  |d San José, Costa Rica Editorial UCR 1956-  |o 17121  |t Revista de Ciencias Sociales/  |x 04825276